000
00292nam a2200109 4500
245
_a
Dryden Selected Poems
_c
James Kinsley
100
_a
Kinsley, James
260
_a
London
_b
Oxford university Press
_c
1963
300
_a
188p.; 19cm.-
490
_a
New Oxford English series
082
_a
821.4
_b
DRY/KIN
999
_c
246
_d
246